Sports Quiz

Random Sports or Animal Quiz
Score 0/12 Timer 04:00
8 Plays Today
% Correct
Packers
89.5%
Seahawks
86.6%
Eagles
83.7%
Cardinals
80.8%
Rams
80.3%
Bears
79.3%
Dolphins
76.6%
Ravens
69.2%
Colts
67.6%
Broncos
62%
Falcons
61.9%
Lions
59.2%

You're not logged in!

Compare scores with friends on all Sporcle quizzes.
OR
Log In

Sporcle TV

Today on Sporcle TV


Watch our educational content, quiz creation guides, and fun videos on Sporcle TV.

Show Comments

Extras

Top Quizzes Today


Score Distribution

Paid Content

Your Account Isn't Verified!

In order to create a playlist on Sporcle, you need to verify the email address you used during registration. Go to your Sporcle Settings to finish the process.

Report this User

Report this user for behavior that violates our Community Guidelines.

Details: